Normal view
MARC view
- G.F. Stout M.A Camb
Entry Personal Name
001 - CONTROL NUMBER
- control field: 109564
003 - CONTROL NUMBER IDENTIFIER
- control field: NUST
005 - DATE AND TIME OF LATEST TRANSACTION
- control field: 20230224121434.0
008 - FIXED-LENGTH DATA ELEMENTS
- fixed length control field: 230224|| aca||aabn | a|a d
040 ## - CATALOGING SOURCE
- Original cataloging agency: NUST
- Transcribing agency: NUST
100 ## - HEADING--PERSONAL NAME
- Personal name: G.F. Stout M.A Camb
670 ## - SOURCE DATA FOUND
- Source citation: Work cat.: (NUST)193809: G.F. Stout M.A Camb, Manual of Phychology / , 1915
